| 000 | 01432nab a22002897a 4500 | ||
|---|---|---|---|
| 999 |
_c6498 _d6498 |
||
| 003 | OSt | ||
| 005 | 20260213114133.0 | ||
| 008 | 190429b xxu||||| |||| 00| 0 spa d | ||
| 040 | _cPJ | ||
| 100 |
_97108 _aRojas Busellato, Diomedes Guillermo |
||
| 245 | 1 | 3 |
_aEl decreto de necesidad y urgencia N.º 188/2024 : _bnuevo plan para la puesta en vigencia del Código Procesal Penal Federal. Importancia de su implementación y análisis crítico / _cDiomedes Guillermo Rojas Busellato. |
| 260 |
_cCiudad Autónoma de Buenos Aires : _aThomson Reuters La Ley, _b2024. |
||
| 300 | _ap. 11-26 | ||
| 500 | _aCita: TR LALEY AR/DOC/1091/2024. | ||
| 505 | _aSumario: I. Introducción.— II. Contextualización - el camino hacia la reforma legislativa.— III. Los ejes de la reforma.— IV. Conclusión.— V. Bibliografía. | ||
| 505 | _tSi te interesa el texto completo, solicitalo a koha@justierradelfuego.gov.ar | ||
| 650 | 0 |
_9343 _aDERECHO PENAL |
|
| 650 | 0 |
_92348 _aPROCESO PENAL |
|
| 650 | 0 |
_92676 _aJUICIO ORAL |
|
| 650 | 0 |
_92678 _aACCIÓN PENAL |
|
| 650 | 0 |
_93833 _aPRINCIPIO DE CONGRUENCIA |
|
| 650 | 0 |
_94885 _aDERECHOS DE LA VÍCTIMA |
|
| 650 | 0 |
_93927 _aCARGA DE LA PRUEBA |
|
| 650 | 0 |
_92355 _aGARANTÍA A SER JUZGADO EN UN PLAZO RAZONABLE |
|
| 773 | 0 |
_02658 _93164 _tRevista de derecho penal y criminología. Nº 7 - Junio 2024 _dCiudad Autónoma de Buenos Aires : Thomson Reuters La Ley, 2017- _x00347914 |
|
| 942 |
_2udc _cANA |
||